000 00507nam a22001817a 4500
005 20171118130424.0
010 _aENG-121470
020 _a9789325986794
_c250.00
035 _aEN-105002
037 _bDBAD/PUB
082 _a658.3
100 _aRao,V.S.P.
245 _aHuman resource management /
_cby V.S.P RAO
260 _aNoida
_bVikas Publishing house
_c2015
270 _aE-28, Sector 8,
_bNoida (UP)
_e201301
300 _axii,272p.
_c24cm(pbk)
942 _2ddc
_cEN
_h658.3
_mRAO
999 _c147556
_d147556